Elements du Tableau Périodique par Indice - Statistiques

Statistiques générales
  • Ce quiz a été pris 221 fois
  • Le résultat moyen est 14 sur 24
Statistiques - réponses
Indice Élément % Correct
L'Argentine porte son nom Argent
98%
Premier élément du tableau périodique Hydrogène
87%
Utilisé dans les thermomètres Mercure
87%
Le plus courant dans le corps humain Oxygène
85%
Présent dans le lait Calcium
84%
Avec le chlore, il forme le sel Sodium
81%
Le plus courant dans l'atmosphère Azote
79%
A pour symbole Zn Zinc
79%
Élément commençant par "X" Xénon
73%
Les diamants en sont faits Carbone
72%
Malléable, ductile et précieux Or
70%
Nutriment présent dans les bananes Potassium
58%
Les canalisations fabriquées à partir de ce matériau sont remplacées Plomb
56%
Sent comme des œufs pourris Soufre
56%
Nom dérivé du mot grec pour soleil Hélium
53%
Couche externe des pièces de monnaie américaines Cuivre
49%
Nom dérivé de l'Allemagne Germanium
48%
Utilisé dans un type d'enseigne publicitaire populaire autrefois Néon
41%
Le bronze est fabriqué à partir du cuivre et de cet élément Étain
39%
A un numéro atomique de 12 Magnésium
31%
Vient entre l'uranium et le plutonium Neptunium
31%
Métalloïde extrêmement toxique Arsenic
27%
Le plus abondant dans la croûte terrestre après l'oxygène Silicium
22%
Autrefois peint sur les aiguilles de montre pour les faire briller Radium
18%
Aucun quiz correspondant
Distribution des résultats
% des personnes avec chaque résultat
Percentile par nombre de réponses
Votre historique - résultats
Vous n’avez pas pris ce quiz